01025nam a2200241Ia 4500001000600000003000900006008004100015040001300056040001300069041001300082100002300095100002900118245008500147245007000232250001100302260001100313260001500324260004900339300005700388500028700445650002000732650003100752D8533IT-RoPAU130308s9999 xx 000 0 und d aIT-RoPAU cIT-RoPAU aITALIANO aTerrin Aldo Natale gCodice Aut. SPICS: 32969 aRito e musica nel mondo delle religioni. riflessioni storico-religiose comparate bMusica per la Liturgia. Presupposti per una fruttuosa Interazione a1a ed. aPADOVA bMessaggero c1996 [1° Ed.:1996 - Ed.Ling.Originale:1996] a"46 p. (prefazione: no ; testo: 46 [pagine: 31-76])" aMusica Piu' Antica. Accompagnamento del culto Nei Templi: in Mesopotamia, Antico Egitto, India e Cina. classificazione dei riti in Rapporto Ai Modi Musicali: Modo Dorico, Modo Frigio. Musica e Mantica. Natura del rito e Sua Inviolabilità. rito Cristiano e Musica Nei Primi Secoli. aGENERI MUSICALI eCodice materia Spics: 7010